Normal view
MARC view
- Werner,Michael / Jones,Kumen H
Entry Personal Name
001 - CONTROL NUMBER
- control field: 617
003 - CONTROL NUMBER IDENTIFIER
- control field: JO-AjAnu
005 - DATE AND TIME OF LATEST TRANSACTION
- control field: 20230606070415.0
008 - FIXED-LENGTH DATA ELEMENTS
- fixed length control field: 230606|| aca||aabn | a|a d
040 ## - CATALOGING SOURCE
- Original cataloging agency: JO-AjAnu
- Transcribing agency: JO-AjAnu
100 ## - HEADING--PERSONAL NAME
- Personal name: Werner,Michael / Jones,Kumen H
670 ## - SOURCE DATA FOUND
- Source citation: Work cat.: (JO-AjAnu)325: Werner,Michael / Jones,Kumen H, author, Introduction to Financial Accounting : A User Perspective